|
|
|
|
| LEADER |
00000nab a2200000 a 4500 |
| 001 |
vtls000681146 |
| 003 |
SK-MaSNL |
| 005 |
20260305032338.0 |
| 008 |
180206c1999 xo 0 slo |
| 015 |
|
|
|a SNBRB1999/02-04100
|
| 035 |
|
|
|a CLN000033314
|
| 040 |
|
|
|a SNKBUCL
|b slo
|c SNKBUCL
|e AACR2
|
| 041 |
0 |
|
|a slo
|
| 044 |
|
|
|a xo
|c SK
|
| 080 |
|
|
|a 658.56.012.43:681.3.06
|2 UDC-MRF-SK2
|
| 080 |
|
|
|a 681.3.06
|2 UDC-MRF-SK2
|
| 080 |
|
|
|a 667:061.5(437.6)
|2 UDC-MRF-SK2
|
| 100 |
1 |
|
|a Serina, Pavol
|4 aut
|9 14537
|
| 245 |
1 |
0 |
|a Systém SAP R/3 - modul kvality a jej aplikácie v Chemolaku a.s.
|c Pavol Serina
|
| 610 |
|
7 |
|a Chemolak (Smolenice, Slovensko)
|2 snkbucl
|9 82681
|
| 650 |
0 |
7 |
|a riadenie kvality
|2 snkbucl
|9 14744
|
| 650 |
0 |
7 |
|a SAP R/3
|2 snkbucl
|9 14538
|
| 650 |
0 |
7 |
|a QM (modul)
|2 snkbucl
|9 1611559
|
| 651 |
|
7 |
|a Trnava (Slovensko : okres)
|2 snkbucl
|9 51837
|
| 655 |
|
7 |
|a články z novín a časopisov
|2 snkbucl
|9 267496
|
| 773 |
0 |
|
|x 1335-3861
|t Finančný radca
|g Roč. 1, č. 3 (1999), s. 64-65
|
| 850 |
|
|
|a Slovenská národná knižnica v Martine
|
| 852 |
|
|
|a SNK
|b KIS3GCP
|
| 958 |
|
|
|a RBX
|
| 999 |
|
|
|c 3319689
|d 3321619
|